|
|
|
|
| LEADER |
00783nab a2200205 i 4500 |
| 001 |
misc62471 |
| 005 |
20220927083235.0 |
| 008 |
220420s1924 hu o 0|| hun d |
| 040 |
|
|
|a SZTE Miscellanea Repozitórium
|b hun
|
| 041 |
|
|
|a hun
|
| 100 |
1 |
|
|a Hóman Bálint
|
| 245 |
1 |
0 |
|a Dr. Hóman Bálint beszéde
|h [elektronikus dokumentum] :
|b elmondotta a Magyar Nemzeti Múzeum főigazgatójává történt beiktatásakor : 1923 december 22. /
|c Hóman Bálint
|
| 260 |
|
|
|a Magyar Nemzeti Múzeum
|b Budapest
|c 1924
|
| 300 |
|
|
|a 15 p.
|c 23 cm
|
| 561 |
|
|
|a Németh Gyula hagyaték
|
| 591 |
|
|
|a N 3493
|
| 650 |
|
4 |
|a Bölcsészettudományok
|
| 650 |
|
4 |
|a Nyelvek és irodalom
|
| 695 |
|
|
|a Beszéd
|
| 856 |
4 |
0 |
|u http://misc.bibl.u-szeged.hu/62471/1/2349_nov_h77.pdf
|z Dokumentum-elérés
|